Modelling study of reinforcement and rupture in strain-crystallizing elastomer networks (Record no. 75281)

MARC details
000 -LEADER
fixed length control field 00527nam a22001817a 4500
100 ## - MAIN ENTRY--AUTHOR NAME
Personal name Terrach, L
245 ## - TITLE STATEMENT
Title Modelling study of reinforcement and rupture in strain-crystallizing elastomer networks
260 ## - PUBLICATION, DISTRIBUTION, ETC. (IMPRINT)
Name of publisher Kautschuk Gummi Kunststoffe, 76(3): 2023. 62-71.
300 ## - PHYSICAL DESCRIPTION
Other physical details June
650 ## - SUBJECT ADDED ENTRY--TOPICAL TERM
Topical Term Crack formation
650 ## - SUBJECT ADDED ENTRY--TOPICAL TERM
Topical Term Elastomer networks
650 ## - SUBJECT ADDED ENTRY--TOPICAL TERM
Topical Term Molecular modeling
650 ## - SUBJECT ADDED ENTRY--TOPICAL TERM
Topical Term Reinforcement
650 ## - SUBJECT ADDED ENTRY--TOPICAL TERM
Topical Term Strain-induced crystallisation
700 ## - ADDED ENTRY--PERSONAL NAME
Personal name Hentschke, R
700 ## - ADDED ENTRY--PERSONAL NAME
Personal name Weilert, J.
942 ## - ADDED ENTRY ELEMENTS (KOHA)
Koha item type Journals
Holdings
Withdrawn status Lost status Damaged status Not for loan Home library Current library Date acquired Koha item type
        RRII Library RRII Library 24/05/2024 Journals